Compendio de cultivares y razas de cuyes generados por el INIA (Registro nro. 22119)

Detalles MARC
000 -Cabecera
Campo de control interno 00983nam a22002897a 4500
005 - Fecha y hora del registro
control field 20260416160947.0
008 - Elementos de Longitud Fija
fixed length control field 260324b |||||||| |||| 00| 0 spa d
020 ## - ISBN
ISBN 9789972441936
041 ## - Idioma
Codigo Idioma ESP
082 ## - DEWEY y NOTACIÓN INTERNA
Dewey 633.0985
Notación Interna M61
100 ## - AUTOR
Autor denominación ,
110 ## - AUTOR INSTTITUCIONAL
Autor Institucional Ministerio de Desarrollo Agrario y Riego
245 ## - TÍTULO DE MATERIAL BIBLIOGRÁFICO
Título Compendio de cultivares y razas de cuyes generados por el INIA
250 ## - EDICIÓN
Edición Primera edición
260 ## - CIUDAD, EDITORIAL, AÑO
Ciudad Lima :
Nombre de la Editorial Ministerio de Desarrollo Agrario y Riego,
Año 2025
300 ## - DESCRIPCIÓN
N° Páginas 469 páginas :
Otros detalles ilustraciones ;
Dimensiones 28 cm.
440 ## - MENCIÓN DE SERIE
Título de la Serie ;
650 ## - TEMAS
Temas Tecnología (Ciencias Aplicadas)
653 ## - DESCRIPTORES
Lenguajes no controlado Cultivos alimenticios; Cuyes, Perú
654 ## - PROGRAMAS
Programa Dpto. de Ingeniería Industrial
700 ## - OTROS AUTORES
Otros autores Lobato-Gálvez, Roiser H.,
Termino Relacionado autor
700 ## - OTROS AUTORES
Otros autores Ore-Aquino, Zoila L.,
Termino Relacionado autor
700 ## - OTROS AUTORES
Otros autores Cochas-Escandón, Juanita M.,
Termino Relacionado autor
856 ## - URL - UBICACIÓN
URI/URL: Enlace exacto del recurso <a href="https://0u20ftxgb-y-https-research-ebsco-com.itmsp.museknowledge.com/c/qxo6us/search">https://0u20ftxgb-y-https-research-ebsco-com.itmsp.museknowledge.com/c/qxo6us/search</a>
Nota pública: Versión digital <a href="Véase además: Base de datos EBSCOhost">Véase además: Base de datos EBSCOhost</a>
942 ## - ELEMENTOS DE KOHA
Tipo de documento Libro
Nombre del creador Justo Noguera
Código de catalogador Mirtha Ponce
Suppress in OPAC No
Esquema de clasificación Dewey Decimal Classification
Existencias
Codigo completo Registro Colección Copia número Disponibilidad Tipo de préstamo Biblioteca Actual Procedencia (Biblioteca) Ubicacón Fecha Ingreso Tipo de Adquisición Observación Date last seen Total checkouts Price effective from Tipo de Item Estado del Material Fuente de Clasificación Damaged status Withdrawn status
633.0985 M61 1088210 Universidad Católica San Pablo 1 Disponible Disponible Víctor Andrés Belaunde Víctor Andrés Belaunde Segundo piso 24/03/2026 Donación Rectortado UCSP 24/03/2026   24/03/2026 Libro Bueno Dewey Decimal Classification